美国航空迷你椒盐卷饼包装上出现过的机场 - Statistics

General Stats
  • This quiz has been taken 5 times
  • The average score is 6 of 9
Answer Stats
Answer % Correct
LAX
100%
DCA
75%
MIA
75%
NYC
75%
ORD
75%
PHL
75%
CLT
50%
DFW
50%
PHX
25%
No matching quizzes found
Score Distribution
Percent of People with Each Score
Percentile by Number Answered
Your Score History
You have not taken this quiz